| 000 | 00602nam a2200229Ia 4500 | ||
|---|---|---|---|
| 001 | Z_5416 | ||
| 003 | CHAP | ||
| 008 | 220113s1993 xx 000 0 und d | ||
| 010 | _a168487 | ||
| 040 | _cCHAP | ||
| 090 | _aFolleto 718 | ||
| 100 |
_aPinto Ruiz, Rene _988297 |
||
| 245 |
_aInvestigación en arboles y arbustos con potencial forrajero en México : una revisión / _cRene Pinto Ruiz |
||
| 260 |
_aChapingo, Méx. : _b UACH - Departamento de Zootecnia, _c1993 |
||
| 300 | _a43 h. | ||
| 901 | _aFOLLETO 718 | ||
| 902 | _aA | ||
| 910 | _a1993 | ||
| 942 | _c1 | ||
| 942 | _cc1 | ||
| 999 |
_c168487 _d168487 |
||